Catálogo
 En Linea

Duarte, Sánchez y Mella : (Registro nro. 59570)

Detalles MARC
000 -CABECERA
campo de control de longitud fija 03282nam a2200361 i 4500
003 - IDENTIFICADOR DEL NÚMERO DE CONTROL
campo de control DO-SdBNP
005 - FECHA Y HORA DE LA ÚLTIMA TRANSACCIÓN
campo de control 20250718113111.0
007 - CAMPO FIJO DE DESCRIPCIÓN FÍSICA--INFORMACIÓN GENERAL
campo de control de longitud fija ta
008 - DATOS DE LONGITUD FIJA--INFORMACIÓN GENERAL
campo de control de longitud fija 250717b2014 dr c|||| |||| 00| 0 spa d
020 ## - NÚMERO INTERNACIONAL ESTÁNDAR DEL LIBRO
ISBN cancelado o inválido 9789945583700
040 ## - FUENTE DE LA CATALOGACIÓN
Centro catalogador/agencia de origen DO-SdBNP
Lengua de catalogación spa
Centro/agencia transcriptor BNPHU
Normas de descripción rda
041 ## - CÓDIGO DE LENGUA
Código de lengua del texto/banda sonora o título independiente spa
082 #4 - NÚMERO DE LA CLASIFICACIÓN DECIMAL DEWEY
Número de clasificación 923.27293
Número de documento/Ítem D812G 2014
Número de edición 22
100 1# - ENTRADA PRINCIPAL--NOMBRE DE PERSONA
Nombre de persona Grimaldi Silié, Eleanor,
Fechas asociadas al nombre 1948-
Término indicativo de función/relación autor
Código de función/relación aut.
9 (RLIN) 85713
245 10 - MENCIÓN DE TÍTULO
Título Duarte, Sánchez y Mella :
Resto del título vistos por una educadora /
Mención de responsabilidad, etc. Eleanor Grimaldi Silié ; prólogo, Mariano Lebrón Saviñón.
250 ## - MENCIÓN DE EDICIÓN
Mención de edición Primera edición
264 #4 - PRODUCCIÓN, PUBLICACIÓN, DISTRIBUCIÓN, FABRICACIÓN Y COPYRIGHT
Producción, publicación, distribución, fabricación y copyright Santo Domingo, República Dominicana :
Nombre del de productor, editor, distribuidor, fabricante Editorial Santuario,
Fecha de producción, publicación, distribución, fabricación o copyright ©2014.
300 ## - DESCRIPCIÓN FÍSICA
Extensión 110 páginas :
Otras características físicas retratos ;
Dimensiones 23 cm.
336 ## - TIPO DE CONTENIDO
Término de tipo de contenido texto
Código de tipo de contenido txt
Fuente rdacontent
337 ## - TIPO DE MEDIO
Nombre/término del tipo de medio sin mediación
Código del tipo de medio n
Fuente rdamedia
338 ## - TIPO DE SOPORTE
Nombre/término del tipo de soporte volumen
Código del tipo de soporte nc
Fuente rdacarrier
500 ## - NOTA GENERAL
Nota general Incluye datos biográficos del autor en las solapas
504 ## - NOTA DE BIBLIOGRAFÍA, ETC.
Nota de bibliografía, etc. Bibliografía: páginas 109-110
505 0# - NOTA DE CONTENIDO CON FORMATO
Nota de contenido con formato Presentación --
Título Prólogo --
Información miscelánea Juan Pablo Duarte --
Título Infancia de Duarte --
-- Adolescencia --
-- Pasos que dió para lograr la liberación de la Patria --
-- Duarte y la reforma --
-- Regreso de Duarte --
-- Duarte sale deportado --
-- Reflexiones sobre algunas cualidades de Juan Pablo Duarte --
-- Vocación de maestro --
-- Capacidad de liderazgo --
-- Su vocación religiosa --
-- El patriotismo de Duarte --
-- Duarte y su amor a los libros --
-- Nacionalismo de Duarte --
-- Cartas y otros escritos de Duarte --
-- Algunos pensamientos de Duarte --
-- Himno a Juan Pablo Duarte --
-- Poemas de Duarte --
-- Poesía a Duarte --
-- A Duarte --
Información miscelánea Francisco del Rosario Sánchez --
Título Francisco del Rosario Sánchez --
-- Sánchez y el movimiento La Reforma --
-- Planes del protectorado --
-- Continuación de las labores patrióticas --
-- Los Trinitarios y su alianza con los conservadores afrancesados --
-- Los Trinitarios hacia la proclamación de la independencia --
-- Sánchez y la proclamación de independencia --
-- Los conservadores continuán en sus planes de protectorado --
-- Regreso de Duarte --
-- Expulsión de los Trinitarios --
-- Facetas de la vida de Francisco del Rosario Sánchez --
-- Infancia y adolescencia --
-- Sánchez y algunas decepciones de su vida --
-- Su vida familiar --
-- Sánchez y su liderazgo --
-- Ejemplo que legó Sánchez a los dominicanos --
-- Opiniones sobre Sánchez --
-- Himno a Francisco del Rosario Sánchez --
-- Poema a Sánchez --
-- Poesía de un autor anónimo --
Información miscelánea Ramón Matías Mella --
Título Ramón Matías Mella --
-- La noche del 27 de febrero. El trabucazo --
-- Mella proclama a Duarte --
-- Golpe de Estado de Santana. Destino de Mella --
-- Mella y la Revolución del 1857 --
-- Mella y la anexión de 1861 --
-- Facetas de la vida de Mella --
-- Mella y las tácticas militares --
-- Himno a Matías Ramón Mella --
-- Poemas dedicadas a Mella --
-- Poesía a Mella --
-- Grito de Redención --
-- Vocabulario --
Información miscelánea Bibliografía
590 ## - NOTA LOCAL (RLIN)
Nota local Inventariado, 2025/BT
600 10 - PUNTO DE ACCESO ADICIONAL DE MATERIA--NOMBRE DE PERSONA
Nombre de persona Duarte, Juan Pablo,
Fechas asociadas al nombre 1813-1876
9 (RLIN) 1494
600 10 - PUNTO DE ACCESO ADICIONAL DE MATERIA--NOMBRE DE PERSONA
Nombre de persona Sánchez, Francisco del Rosario,
Fechas asociadas al nombre 1817-1861
9 (RLIN) 7226
600 10 - PUNTO DE ACCESO ADICIONAL DE MATERIA--NOMBRE DE PERSONA
Nombre de persona Mella, Matías Ramón,
Fechas asociadas al nombre 1816-1864
9 (RLIN) 1264
651 #4 - PUNTO DE ACCESO ADICIONAL DE MATERIA--NOMBRE GEOGRÁFICO
Nombre geográfico República Dominicana
Subdivisión general Historia
Subdivisión cronológica 1844-1930
9 (RLIN) 1009
700 1# - PUNTO DE ACCESO ADICIONAL--NOMBRE DE PERSONA
Nombre de persona Lebrón Saviñon, Mariano,
Fechas asociadas al nombre 1922-2014
Término indicativo de función/relación prologuista
Código de función/relación pr.
9 (RLIN) 7227
910 ## - DATOS DE OPCIÓN DEL USUARIO (OCLC)
Datos de opción del usuario Btavárez/Validado. Control de Calidad/MAA
942 ## - ELEMENTOS DE PUNTO DE ACCESO ADICIONAL (KOHA)
Fuente del sistema de clasificación o colocación Dewey Decimal Classification
Tipo de ítem Koha Libro
Existencias
Estado de retiro Estado de pérdida Fuente del sistema de clasificación o colocación Restricciones de uso No para préstamo Código de colección Localización permanente Ubicación/localización actual Ubicación en estantería Fecha de adquisición Fuente de adquisición Total de préstamos Signatura topográfica completa Código de barras Fecha visto por última vez Precio válido a partir de Tipo de ítem Koha
    Dewey Decimal Classification Excluido de préstamo   Patrimonio Dominicano Biblioteca Nacional Pedro Henríquez Ureña Biblioteca Nacional Pedro Henríquez Ureña Depósito 17.07.2025 Donación   BNPHU PD 923.27293 D812G 2014 2025-6660 17.07.2025 17.07.2025 Libro

Con tecnología Koha